Social policy in an agricultural economy : (Record no. 165194)
[ view plain ]
| 000 -LEADER | |
|---|---|
| fixed length control field | 01212nam a22003375a 4500 |
| 008 - FIXED-LENGTH DATA ELEMENTS--GENERAL INFORMATION | |
| fixed length control field | |
| 020 ## - INTERNATIONAL STANDARD BOOK NUMBER | |
| International Standard Book Number | 1779050860 (pbk) |
| 049 ## - LOCAL HOLDINGS (OCLC) | |
| Holding library | MAIN |
| 090 ## - LOCALLY ASSIGNED LC-TYPE CALL NUMBER (OCLC); LOCAL CALL NUMBER (RLIN) | |
| Classification number (OCLC) (R) ; Classification number, CALL (RLIN) (NR) | HC935 |
| Local cutter number (OCLC) ; Book number/undivided call number, CALL (RLIN) | SOC |
| 003 - CONTROL NUMBER IDENTIFIER | |
| control field | |
| 005 - DATE AND TIME OF LATEST TRANSACTION | |
| control field | 20230123134409.0 |
| 040 ## - CATALOGING SOURCE | |
| Transcribing agency | NUST |
| 245 00 - TITLE STATEMENT | |
| Title | Social policy in an agricultural economy : |
| Remainder of title | the case of Malawi / |
| Statement of responsibility, etc. | Allast Manza (editor). |
| 246 18 - VARYING FORM OF TITLE | |
| Title proper/short title | Social policy in Malawi. |
| 246 1# - VARYING FORM OF TITLE | |
| Display text | Title on cover p. 4: |
| Title proper/short title | Social policy in the context of economic reform in Malawi. |
| 260 ## - PUBLICATION, DISTRIBUTION, ETC. | |
| Place of publication, distribution, etc. | Mount Pleasant, Harare, Zimbabwe : |
| Name of publisher, distributor, etc. | SAPPHO, |
| Date of publication, distribution, etc. | 1999. |
| 300 ## - PHYSICAL DESCRIPTION | |
| Extent | xii, 103 p. : |
| Other physical details | ill. ; |
| Dimensions | 21 cm. |
| 440 1# - SERIES STATEMENT/ADDED ENTRY--TITLE | |
| Title | Social policy series. |
| 500 ## - GENERAL NOTE | |
| General note | "SAPES Trust"--P. [4] of cover. |
| 500 ## - GENERAL NOTE | |
| General note | "Southern African Regional Institute for Policy Studies"--Ser. t.p. |
| 504 ## - BIBLIOGRAPHY, ETC. NOTE | |
| Bibliography, etc. note | Includes bibliographical references. |
| 500 ## - GENERAL NOTE | |
| General note | Includes index. |
| 651 #0 - SUBJECT ADDED ENTRY--GEOGRAPHIC NAME | |
| Geographic name | Malawi |
| General subdivision | Economic policy. |
| 651 #0 - SUBJECT ADDED ENTRY--GEOGRAPHIC NAME | |
| Geographic name | Malawi |
| General subdivision | Social policy. |
| 700 1# - ADDED ENTRY--PERSONAL NAME | |
| Personal name | Mwanza, A. |
| 710 2# - ADDED ENTRY--CORPORATE NAME | |
| Corporate name or jurisdiction name as entry element | SAPES Trust. |
| 710 2# - ADDED ENTRY--CORPORATE NAME | |
| Corporate name or jurisdiction name as entry element | Southern Africa Regional Institute for Policy Studies. |
| 830 #0 - SERIES ADDED ENTRY--UNIFORM TITLE | |
| Uniform title | Social policy series (Harare, Zimbabwe) |
| 907 ## - LOCAL DATA ELEMENT G, LDG (RLIN) | |
| a | .b10234342 |
| b | 11-04-13 |
| c | 21-02-07 |
| 942 ## - ADDED ENTRY ELEMENTS (KOHA) | |
| Koha item type | Ordinary Loan Books |
| Call number prefix | HC935 |
| Call number suffix | SOC |
| Date last seen | Total Checkouts | Full call number | Barcode | Cost, replacement price | Price effective from | Koha item type | Lost status | Source of classification or shelving scheme | Damaged status | Not for loan | Collection | Withdrawn status | Home library | Current library | Shelving location | Date acquired | Cost, normal purchase price |
|---|---|---|---|---|---|---|---|---|---|---|---|---|---|---|---|---|---|
| 01/23/2023 | 3 | HC935 SOC | 92003021577 | 80.00 | 01/23/2023 | BOOKS | LCC | NFIC | MAIN | MAIN | GEN | 01/23/2023 | 80.00 |